000 00590nam a2200205Ia 4500
005 20250508164654.0
008 008 250505s9999 xx 000 0 hin d
020 _a978-81-89868-20-8
037 _aTextual
040 _aFEDL
_beng
_cFEDL
041 _ahin
_2eng
084 _a891.43, AHE
_qFEDL
100 _aAhemad Ezaz
_9424838
245 0 _aKinki sadi, kinki sahastrabdi?: Mozooda samay per vichar vimarsh
260 _aMeerut India
_bSamvad Prakashan
_c2008
300 _a102p.
365 _aINR
_b150
942 _cTEXL
_h891.43, AHE
999 _c1390472
_d1390472